[Event "Titled Tuesday intern op 16th June"]
[Site "Chess.com INT"]
[Date "2020.06.16"]
[Round "1"]
[White "Danielian, Elina"]
[Black "Sankalp, Baliarsingh"]
[Result "1-0"]
[WhiteElo "2407"]
[BlackElo "1760"]
[PlyCount "82"]
[EventDate "2020.06.16"]
[EventType "swiss (blitz)"]
[EventRounds "10"]
[EventCountry "USA"]
[SourceTitle "EXT 2021"]
[Source "ChessBase"]
[SourceDate "2020.10.23"]
[SourceVersion "1"]
[SourceVersionDate "2020.10.23"]
[SourceQuality "1"]

1. d4 Nf6 2. Nf3 g6 3. Bg5 Bg7 4. Nbd2 0-0 5. e4 d6 6. c3 Bg4 7. Bc4 Nc6 8. 0-0 e5 9. dxe5 Nxe5 10. Be2 Nxf3+ 11. Bxf3 Bxf3 12. Qxf3 h6 13. Bh4 g5 14. Bg3 Nd7 15. Rfe1 Qf6 16. Qd3 Ne5 17. Qb5 Rab8 18. a4 h5 19. Bxe5 Qxe5 20. Qxe5 Bxe5 21. Nc4 Rfe8 22. Ne3 c6 23. g3 g4 24. Kg2 Rbd8 25. Rad1 Kg7 26. h3 gxh3+ 27. Kxh3 Kg6 28. Nc4 b5 29. axb5 cxb5 30. Na5 b4 31. Nc6 bxc3 32. Nxd8 Rxd8 33. bxc3 Bxc3 34. Re2 Bb4 35. f4 Rc8 36. Rd5 f6 37. e5 dxe5 38. fxe5 fxe5 39. Rexe5 a5 40. Re6+ Kf7 41. Ra6 Rc7 1-0

[Event "Titled Tuesday intern op 9th June"]
[Site "Chess.com INT"]
[Date "2020.06.09"]
[Round "10"]
[White "Gritsayeva, Oksana"]
[Black "Sankalp, Baliarsingh"]
[Result "1-0"]
[WhiteElo "2373"]
[BlackElo "1760"]
[PlyCount "77"]
[EventDate "2020.06.09"]
[EventType "swiss (blitz)"]
[EventRounds "10"]
[EventCountry "USA"]
[SourceTitle "CBM 196 Extra"]
[Source "ChessBase"]
[SourceDate "2020.07.31"]
[SourceVersion "1"]
[SourceVersionDate "2020.07.31"]
[SourceQuality "1"]

1. e4 e5 2. Nf3 Nc6 3. Bb5 a6 4. Ba4 Nge7 5. c3 b5 6. Bb3 Na5 7. Bc2 Ng6 8. d4 exd4 9. cxd4 d6 10. 0-0 Be7 11. Nc3 0-0 12. Nd5 Re8 13. Nxe7+ Qxe7 14. Re1 Bg4 15. h3 Bd7 16. b3 c5 17. d5 Rac8 18. Qd2 Qd8 19. Bb2 c4 20. Bc3 Nb7 21. b4 Ne5 22. Nh2 Qh4 23. f4 Nd3 24. Bxd3 cxd3 25. Nf3 Qg3 26. Rac1 Bxh3 27. Qf2 Qxf2+ 28. Kxf2 Bg4 29. Ke3 Bxf3 30. gxf3 Rc4 31. Kxd3 Rec8 32. f5 f6 33. a3 Kf7 34. Rc2 h6 35. f4 Nd8 36. Rcc1 Nb7 37. Bd2 Rxc1 38. Bxc1 Rxc1 39. Rxc1 1-0

[Event "Titled Tuesday intern op 9th June"]
[Site "Chess.com INT"]
[Date "2020.06.09"]
[Round "5"]
[White "Sankalp, Baliarsingh"]
[Black "Enkhtuul, Altanulzii"]
[Result "1-0"]
[WhiteElo "1760"]
[BlackElo "2228"]
[PlyCount "51"]
[EventDate "2020.06.09"]
[EventType "swiss (blitz)"]
[EventRounds "10"]
[EventCountry "USA"]
[SourceTitle "CBM 196 Extra"]
[Source "ChessBase"]
[SourceDate "2020.07.31"]
[SourceVersion "1"]
[SourceVersionDate "2020.07.31"]
[SourceQuality "1"]

1. e4 Nf6 2. Nc3 d6 3. d4 g6 4. Bc4 Bg7 5. Qe2 e5 6. Nf3 Nbd7 7. Bg5 h6 8. Bh4 g5 9. Bg3 Nh5 10. 0-0-0 Nxg3 11. hxg3 exd4 12. Nxd4 Ne5 13. Bb3 Bd7 14. f4 Ng6 15. Nf5 Kf8 16. Rdf1 Bxc3 17. bxc3 Bxf5 18. exf5 Ne7 19. fxg5 Nc6 20. g6 Qg5+ 21. Kb2 Re8 22. Qc4 Qf6 23. Qxf7+ Qxf7 24. Bxf7 Re7 25. Bd5 Re5 26. f6 1-0

[Event "Wch U12"]
[Site "Maribor"]
[Date "2012.11.15"]
[Round "8.32"]
[White "Uksini, Bardhyl"]
[Black "Sankalp, Baliarsingh"]
[Result "1/2-1/2"]
[WhiteElo "1929"]
[BlackElo "1831"]
[PlyCount "114"]
[EventDate "2012.11.08"]
[EventType "swiss"]
[EventRounds "11"]
[EventCountry "SLO"]
[SourceTitle "EXT 2013"]
[Source "ChessBase"]
[SourceDate "2012.11.22"]
[SourceVersion "1"]
[SourceVersionDate "2012.11.22"]
[SourceQuality "1"]

1. Nf3 Nf6 2. c4 c5 3. g3 b6 4. Bg2 Bb7 5. 0-0 Nc6 6. Nc3 d5 7. cxd5 Nxd5 8. Qa4 e6 9. Nxd5 exd5 10. d4 Qd7 11. Rd1 Be7 12. Bf4 0-0 13. Rac1 Rfd8 14. Qc2 Rac8 15. dxc5 bxc5 16. Ng5 Bxg5 17. Bxg5 Nd4 18. Qd2 f6 19. Be3 Ne6 20. Qc2 d4 21. Bxb7 Qxb7 22. Qc4 Qd5 23. Qxd5 Rxd5 24. b3 Kf7 25. Kf1 Ke7 26. Bd2 Rd6 27. Rc4 Ra6 28. Rc2 Rac6 29. Rc4 Ra6 30. Rc2 Rac6 31. Rdc1 Kd7 32. Ke1 Nd8 33. e3 Nf7 34. exd4 cxd4 35. Rxc6 Rxc6 36. Rxc6 Kxc6 37. Ke2 Kd5 38. Bb4 Ne5 39. Bf8 g6 40. Bg7 Ke6 41. Bf8 Kd5 42. Be7 f5 43. h3 Ke4 44. Bf6 d3+ 45. Kd1 Nf3 46. a4 Ng1 47. Bg5 Nxh3 48. Be3 a6 49. b4 g5 50. b5 axb5 51. axb5 f4 52. Bc5 Kd5 53. b6 Kc6 54. Kd2 h5 55. Kxd3 Nxf2+ 56. Bxf2 fxg3 57. Bxg3 Kxb6 1/2-1/2

[Event "Wch U12"]
[Site "Maribor"]
[Date "2012.11.12"]
[Round "5.51"]
[White "Sankalp, Baliarsingh"]
[Black "Baterdene, Tsogbayar"]
[Result "1-0"]
[WhiteElo "1831"]
[BlackElo "1674"]
[PlyCount "128"]
[EventDate "2012.11.08"]
[EventType "swiss"]
[EventRounds "11"]
[EventCountry "SLO"]
[SourceTitle "EXT 2013"]
[Source "ChessBase"]
[SourceDate "2012.11.22"]
[SourceVersion "1"]
[SourceVersionDate "2012.11.22"]
[SourceQuality "1"]

1. e4 c5 2. d4 cxd4 3. c3 dxc3 4. Nxc3 Nc6 5. Nf3 d6 6. Bc4 Nf6 7. e5 dxe5 8. Qxd8+ Kxd8 9. Ng5 Nd4 10. Nxf7+ Ke8 11. 0-0 b5 12. Nxb5 Nxb5 13. Nxh8 Nd6 14. Bb3 g6 15. f4 e4 16. f5 Ba6 17. Ba4+ Nd7 18. Rd1 Be2 19. Re1 Bh5 20. fxg6 Bg7 21. Nf7 Bxg6 22. Nxd6+ exd6 23. Bc6 Bd4+ 24. Be3 Bxe3+ 25. Rxe3 Rc8 26. Bxe4 Ne5 27. Bxg6+ hxg6 28. Rae1 Kd7 29. g3 Rc2 30. R1e2 Rc1+ 31. Kg2 Ke6 32. h3 a6 33. g4 g5 34. Kg3 Rg1+ 35. Rg2 Rh1 36. Ra3 Ng6 37. Rxa6 Nf4 38. Rd2 Rxh3+ 39. Kf2 Rh2+ 40. Ke3 Nd5+ 41. Rxd5 Kxd5 42. Ra5+ Ke6 43. Rb5 d5 44. a4 Ke5 45. a5 Rh3+ 46. Kd2 Kd4 47. a6 Rh2+ 48. Kc1 Rh8 49. Ra5 Kc4 50. a7 Ra8 51. Kd2 d4 52. Ra3 d3 53. Ra1 Kb3 54. Kxd3 Kxb2 55. Ra6 Kb3 56. Ke4 Kc4 57. Kf5 Kd5 58. Kxg5 Ke5 59. Kh6 Rh8+ 60. Kg7 Ra8 61. g5 Kf5 62. g6 Kg5 63. Kh7 Kh5 64. g7 Rd8 1-0

[Event "Wch U12"]
[Site "Maribor"]
[Date "2012.11.10"]
[Round "3.27"]
[White "Sankalp, Baliarsingh"]
[Black "Vogel, Roven"]
[Result "1/2-1/2"]
[WhiteElo "1831"]
[BlackElo "1984"]
[PlyCount "65"]
[EventDate "2012.11.08"]
[EventType "swiss"]
[EventRounds "11"]
[EventCountry "SLO"]
[SourceTitle "EXT 2013"]
[Source "ChessBase"]
[SourceDate "2012.11.22"]
[SourceVersion "1"]
[SourceVersionDate "2012.11.22"]
[SourceQuality "1"]

1. e4 c6 2. d4 d5 3. Nc3 dxe4 4. Nxe4 Nd7 5. Nf3 Ngf6 6. Nxf6+ Nxf6 7. Bc4 e6 8. Bf4 Bd6 9. Qd2 0-0 10. 0-0-0 Nd5 11. Bxd5 exd5 12. Rde1 Bf5 13. h3 Bg6 14. Bxd6 Qxd6 15. Ne5 Rfe8 16. h4 f6 17. Nxg6 hxg6 18. g3 Kf7 19. Rxe8 Rxe8 20. Re1 Rxe1+ 21. Qxe1 b6 22. Qe2 a5 23. c3 b5 24. Kc2 Qd7 25. f4 Qf5+ 26. Qd3 Ke6 27. Kd2 Qe4 28. Qf1 a4 29. g4 f5 30. g5 Kd6 31. a3 Kc7 32. Qf2 Qb1 33. Ke3 1/2-1/2